| 000 | 01417 a2200229 4500 | ||
|---|---|---|---|
| 003 | Nust | ||
| 005 | 20221123130647.0 | ||
| 010 | _a 94048777 | ||
| 020 | _a8181479866 | ||
| 020 | _a8181479866(v. 1 : acid-free paper)) | ||
| 040 | _cNust | ||
| 082 | 0 | 0 | _a621.3813,HAN |
| 245 | 0 | 0 |
_aHandbook of microwave technology Vol I / _cedited by T. Koryu Ishii. _bcomponents and devices |
| 246 | 1 | 0 | _aMicrowave technology |
| 260 |
_aSan Diego : _bAcademic Press, _c1995 |
||
| 300 |
_a691p _bill. ; _c23 cm. |
||
| 505 | 0 | _aMicrowave Transmission Lines (Page-1), Microstrip Lines (Page-47), Microwave Resonators (Page-61), Microstrip Line Components (Page-95), Microstrip Line Components (Page-143), Microwave Filters (Page-155), Directional Couplers (Page-199), Microwave Ferrite Devices (Page-235), Microwave Solid State Devices (Page-261), Transferred Electron Devices (Page-307), Microwave IMPATT Diode Amplifiers and Oscillators (Page-363), Microwave Transistor Oscillators and Amplifiers (Page-391), Microwave Detectors (Page-461), Electron Beam Formation (Page-497), Microwave Solid State Switches (Page-569), Microwave Thermionic Density Modulated Devices (Page-589), Microwave Impedance Matching Techniques (Page-617). | |
| 650 | 0 | _aTelecommunication Engineering | |
| 700 | 1 |
_aIshii, T. Koryu _d1927- _9103418 |
|
| 856 | 4 | 1 |
_3Table of contents _uhttp://www.loc.gov/catdir/toc/els032/94048777.html |
| 942 |
_2ddc _cBK |
||
| 999 |
_c178607 _d178607 |
||